<?xml version="1.0" encoding="UTF-8"?><?xml-stylesheet type="text/xsl" href="static/style.xsl"?><OAI-PMH xmlns="http://www.openarchives.org/OAI/2.0/" xmlns:xsi="http://www.w3.org/2001/XMLSchema-instance" xsi:schemaLocation="http://www.openarchives.org/OAI/2.0/ http://www.openarchives.org/OAI/2.0/OAI-PMH.xsd"><responseDate>2026-04-17T17:13:11Z</responseDate><request verb="GetRecord" identifier="oai:www.recercat.cat:2445/151393" metadataPrefix="marc">https://recercat.cat/oai/request</request><GetRecord><record><header><identifier>oai:recercat.cat:2445/151393</identifier><datestamp>2025-12-05T10:31:49Z</datestamp><setSpec>com_2072_1057</setSpec><setSpec>col_2072_478770</setSpec><setSpec>col_2072_478917</setSpec></header><metadata><record xmlns="http://www.loc.gov/MARC21/slim" xmlns:dcterms="http://purl.org/dc/terms/" xmlns:xsi="http://www.w3.org/2001/XMLSchema-instance" xmlns:doc="http://www.lyncode.com/xoai" xsi:schemaLocation="http://www.loc.gov/MARC21/slim http://www.loc.gov/standards/marcxml/schema/MARC21slim.xsd">
   <leader>00925njm 22002777a 4500</leader>
   <datafield ind2=" " ind1=" " tag="042">
      <subfield code="a">dc</subfield>
   </datafield>
   <datafield ind2=" " ind1=" " tag="720">
      <subfield code="a">Gascón, Jordi (Gascón Gutiérrez)</subfield>
      <subfield code="e">author</subfield>
   </datafield>
   <datafield ind2=" " ind1=" " tag="720">
      <subfield code="a">Cañada Mullor, Ernest</subfield>
      <subfield code="e">author</subfield>
   </datafield>
   <datafield ind2=" " ind1=" " tag="260">
      <subfield code="c">2020-02-27T17:52:06Z</subfield>
   </datafield>
   <datafield ind2=" " ind1=" " tag="260">
      <subfield code="c">2020-02-27T17:52:06Z</subfield>
   </datafield>
   <datafield ind2=" " ind1=" " tag="260">
      <subfield code="c">2017</subfield>
   </datafield>
   <datafield ind2=" " ind1=" " tag="260">
      <subfield code="c">2020-02-27T17:52:07Z</subfield>
   </datafield>
   <datafield ind2=" " ind1=" " tag="520">
      <subfield code="a">[spa] La suposición de que el crecimiento turístico puede ser sostenible está muy difundida en determinados sectores académicos y organismos públicos. La teoría del multiplicador turístico, planteada por Archer y Owen a principios de los setenta, es uno de sus fundamentos. Sin embargo, esta premisa se enfrenta con una realidad cada vez más presente: el planeta y sus recursos son finitos. El desarrollo económico tiene límites naturales. El artículo presenta una visión conflictivista del desarrollo turístico más acorde con esta realidad: el surgimiento de una nueva actividad económica o su crecimiento obliga a reestructurar el uso que se da a los recursos disponibles. Estos recursos no siempre se pueden multiplicar. Y en este proceso, generalmente, unos pierden y otros ganan.</subfield>
   </datafield>
   <datafield ind2=" " ind1=" " tag="520">
      <subfield code="a">[eng] The assumption that tourism growth can be sustainable is widespread in certain academic sectors and public institutions. It is an assumption that is partly founded on the Tourist Multiplier theory, proposed by Archer and Owen in the early 1970s. However, this premise is coming up against an increasingly urgent reality: the finite nature of our planet and its resources. Economic development has natural limits. The article presents a conflictivist view of tourism development that is more in line with this reality: The emergence of new economic activity - or its growth - forces us to restructure our use of the available resources. These resources cannot always be multiplied. And as part of this process, some will lose and others will win.</subfield>
   </datafield>
   <datafield tag="653" ind2=" " ind1=" ">
      <subfield code="a">Turisme</subfield>
   </datafield>
   <datafield tag="653" ind2=" " ind1=" ">
      <subfield code="a">Desenvolupament econòmic</subfield>
   </datafield>
   <datafield tag="653" ind2=" " ind1=" ">
      <subfield code="a">Desenvolupament sostenible</subfield>
   </datafield>
   <datafield tag="653" ind2=" " ind1=" ">
      <subfield code="a">Assignació de recursos</subfield>
   </datafield>
   <datafield tag="653" ind2=" " ind1=" ">
      <subfield code="a">Tourism</subfield>
   </datafield>
   <datafield tag="653" ind2=" " ind1=" ">
      <subfield code="a">Economic development</subfield>
   </datafield>
   <datafield tag="653" ind2=" " ind1=" ">
      <subfield code="a">Sustainable development</subfield>
   </datafield>
   <datafield tag="653" ind2=" " ind1=" ">
      <subfield code="a">Resource allocation</subfield>
   </datafield>
   <datafield ind2="0" ind1="0" tag="245">
      <subfield code="a">El mundo es finito, también para el turismo: Del multiplicador turístico al conflicto redistributivo</subfield>
   </datafield>
</record></metadata></record></GetRecord></OAI-PMH>